Catálogo

Vista normal Vista MARC

Entrada Personal Name

Número de registros utilizados en: 1

001 - CONTROL NUMBER

  • control field: 13845

003 - CONTROL NUMBER IDENTIFIER

  • control field: DLC

005 - DATE AND TIME OF LATEST TRANSACTION

  • control field: 20230301160307.0

008 - FIXED-LENGTH DATA ELEMENTS

  • fixed length control field: 810925n| azannaabn |a aaa

010 ## - LIBRARY OF CONGRESS CONTROL NUMBER

  • LC control number: n 81054180

035 ## - SYSTEM CONTROL NUMBER

  • System control number: (OCoLC)oca00599669

040 ## - CATALOGING SOURCE

  • Original cataloging agency: DLC
  • Language of cataloging: spa
  • Description conventions: rda
  • Transcribing agency: Mx-PuUPA
  • Modifying agency: DLC
  • Modifying agency: OCoLC
  • Modifying agency: UPB
  • Modifying agency: Mx-PuUPA

046 ## - SPECIAL CODED DATES

  • Birth date: 18980111
  • Death date: 19700109

100 1# - HEADING--PERSONAL NAME

  • Personal name: Martínez, Pablo L.,
  • Dates associated with a name: 1898-1970

370 ## - ASSOCIATED PLACE

  • Place of birth: San José del Cabo (México)
  • Place of death: Ciudad de México (México)
  • Source of term: naf

374 ## - OCCUPATION

  • Occupation: Periodista
  • Occupation: Historiador
  • Occupation: Autor
  • Source of term: lcsh

375 ## - GENDER

  • Gender: hombre

377 ## - ASSOCIATED LANGUAGE

  • Language code: spa

378 ## - FULLER FORM OF PERSONAL NAME

  • Fuller form of personal name: Pablo Leocadio Martínez Márquez

400 1# - SEE FROM TRACING--PERSONAL NAME

  • Personal name: Martínez Márquez, Pablo Leocadio
  • Dates associated with a name: 1898-1970

400 1# - SEE FROM TRACING--PERSONAL NAME

  • Personal name: Márquez, Pablo Leocadio Martínez
  • Dates associated with a name: 1898-1970

670 ## - SOURCE DATA FOUND

  • Source citation: His Efemérides californianas, 1950.

670 ## - SOURCE DATA FOUND

  • Source citation: His Historia de la Alta California, 1542-1945, 1975:
  • Information found: t.p. (Pablo L. Martínez) p. 339 (Pablo Leocadio Martínez Márquez; b. 1/11/1898 in San José del Cabo, Baja California Sur; journalist, historian) p. 341 (d. 1/9/1970 in Mexico City)